0801-関東鉄道の駅 - Statistics

General Stats
  • This quiz has been taken 153 times
  • The average score is 17 of 28
Answer Stats
本線 % Correct
取手
96%
守谷
96%
下館
93%
水海道
92%
竜ヶ崎
92%
佐貫
88%
新守谷
80%
新取手
78%
下妻
78%
北水海道
74%
西取手
71%
入地
62%
石下
61%
ゆめみ野
54%
南石下
54%
南守谷
52%
騰波ノ江
51%
三妻
48%
寺原
47%
小絹
46%
戸頭
44%
中妻
43%
稲戸井
42%
大宝
40%
宗道
39%
黒子
39%
大田郷
39%
玉村
27%
No matching quizzes found
Score Distribution
Percent of People with Each Score
Percentile by Number Answered
Your Score History
You have not taken this quiz